000 01257nam a22002297a 4500
999 _c34376
_d34376
003 OSt
005 20241114191057.0
008 210511b ||||| |||| 00| 0 eng d
040 _cBCRI
082 _a372.7
100 1 _aHernández Orellana, Verónica Elizabeth
_947772
245 0 0 _aDificultades de aprendizaje en la materia de matemática en los estudiantes de 6° grado de las escuelas del distrito 07-02 del municipio de Cojutepeque, departamento de Cuscatlán
_b: investigación
_cVerónica Elizabeth Hernández Orellana, Elsa Yamileth Leva Gutiérrez, Verónica Patricia Palacios Cañas
260 _aIlobasco (Cabañas)
_b Universidad Católica de El Salvador CRI
_c2023
300 _a76 h.
_bil.
_c30 cm.
_eVersión digital en USB
500 _aPrecede al tít.: Universidad Católica de El Salvador, Facultad Multidisciplinaria
502 _aPara optar al grado académico de Maestras en Asesoría Educativa
650 0 _97302
_aMatemáticas
_xDidáctica
700 1 _947773
_aLeiva Gutiérrez, Elsa Yamileth
700 1 _947774
_aPalacios Cañas, Verónica Patricia
710 _aUniversidad Católica de El Salvador
_bCentro Regional de Ilobasco
_bFacultad Multidisciplinaria
_bEscuela de Posgrado
_949001
942 _2ddc
_cTG
_hprozim